|
|
|
|
| LEADER |
00768 a2200181 4500 |
| 008 |
150206b xxu||||| |||| 00| 0 eng d |
| 020 |
|
|
|a 9780415483193
|
| 082 |
|
|
|a 303.66
|
| 245 |
|
|
|a Handbook of peace and conflict studies /
|c edited by Webel,Charles
|
| 260 |
|
|
|c 2009
|b Routlege
|a New York
|
| 300 |
|
|
|a 406p.;
|c 24cm.
|
| 650 |
|
|
|a peace building
|
| 650 |
|
|
|a conflict management
|
| 700 |
|
|
|a Galtung Johan
|e editor
|
| 942 |
|
|
|2 ddc
|c BK
|
| 999 |
|
|
|c 105446
|d 105446
|
| 952 |
|
|
|0 0
|1 0
|4 0
|6 303_660000000000000_HAN
|7 0
|9 108323
|a UL
|b UL
|c REF
|d 2014-03-21
|e 2
|g 2705.39
|l 0
|o 303.66 HAN
|p 92661
|r 2015-02-05
|v 3810.41
|y REF
|
| 952 |
|
|
|0 0
|1 0
|2 ddc
|4 0
|6 303_660000000000000_WEB_H
|7 0
|9 390769
|a POL
|b POL
|c ST1
|d 2012-01-12
|g 0.00
|i POL1678
|l 4
|m 1
|o 303.66 WEB/H
|p POL1678
|r 2017-11-10
|s 2017-08-23
|w 2012-01-12
|y BK
|